عرض عادي عرض مارك
  • Thompson, Janice,

مدخل إسم شخص

عدد التسجيلات المستخدمة في: 2

001 - رقم الضبط

  • حقل الضبط: 10631

003 - معرف رقم الضبط

  • حقل الضبط: OSt

005 - تاريخ ووقت أخر عملية

  • حقل الضبط: 20120410173544.0

008 - عناصر بيانات ثابتة الطول

  • حقل تحكم ثابت الطول: 120410|||a|||||| | ||| d

040 ## - مصدر الفهرسة

  • هيئة الفهرسة الأصلية: OSt
  • وكالة الكتابة: OSt

100 ## - مدخل -- أسم شخص

  • إسم شخص: Thompson, Janice,
  • تواريخ مرتبطة بالاسم: 1962-

670 ## - بيانات المصدر موجوده

  • الاستشهاد بالمصدر: Work cat.: (OSt)0: Thompson, Janice, 1962-, Nutrition :, c2012.